Geography Quiz

Random Geography or City Quiz
Score 0/30 Timer 10:00
0 Plays Today
% Correct
Nouakchott
97.9%
Nouadhibou
85.4%
Kiffa
75%
Atar
72.9%
Rosso
68.8%
Kaédi
64.6%
Néma
54.2%
Zouérat
50%
Boutilimit
50%
Sélibaby
45.8%
Aleg
45.8%
Adel Bagrou
41.7%
Timbédra
35.4%
Tidjikja
35.4%
Boghé
33.3%
% Correct
Guerou
31.3%
Akjoujt
31.3%
Bababé
25%
Tintane
22.9%
Legceïba
22.9%
Mbera
16.7%
Aïoun
16.7%
Magta Lahjar
14.6%
Bassikounou
14.6%
Maghama
12.5%
Kobenni
12.5%
Sagné
12.5%
Bouhdide
12.5%
Djiguenni
12.5%
Kankoussa
12.5%
Remove Ads.
Support Sporcle.
Get the best of Sporcle when you Go Orange. This ad-free experience offers more features, more stats, and more fun while also helping to support Sporcle. Thank you for becoming a member.

You're not logged in!

Compare scores with friends on all Sporcle quizzes.
OR
Log In

Show Comments

Extras

Created Jul 27, 2016SourceReportNominate
Tags:City Quiz, map, Top 30

Top Quizzes Today


Score Distribution

Your Account Isn't Verified!

In order to create a playlist on Sporcle, you need to verify the email address you used during registration. Go to your Sporcle Settings to finish the process.

Report this User

Report this user for behavior that violates our Community Guidelines.

Details: